000 00345nam a2200133Ia 4500
005 20260328101458.0
008 260328s9999||||xx |||||||||||||| ||und||
100 _aEngels, F.
245 0 _aContribución al Problema de la Vivienda /
_cF. Engels
260 _bLos Comuneros
300 _a147 p.
650 _aARQUITECTURA RESIDENCIAL
942 _cBK
999 _c8894
_d8894